[Event "Gibraltar Masters 13th"]
[Site "Caleta"]
[Date "2015.02.05"]
[Round "10"]
[White "Schneider, German"]
[Black "Lejlic, Samir"]
[Result "0-1"]
[WhiteElo "2150"]
[BlackElo "2354"]
[PlyCount "42"]
[EventDate "2015.01.27"]
[EventType "swiss"]
[EventRounds "10"]
[EventCountry "GGB"]
[SourceTitle "CBM 165"]
[Source "ChessBase"]
[SourceDate "2015.03.11"]
[SourceVersion "1"]
[SourceVersionDate "2015.03.11"]
[SourceQuality "1"]

1. d4 Nf6 2. Bg5 c5 3. Bxf6 gxf6 4. dxc5 Qa5+ 5. Nc3 Qxc5 6. Nf3 e6 7. e4 a6 8. a4 Nc6 9. Be2 h5 10. 0-0 b6 11. Na2 Bb7 12. c3 Ne7 13. b4 Qc7 14. Qd4 Rg8 15. Nd2 Ng6 16. Nc4 Nf4 17. Bf3 Rxg2+ 18. Kh1 Ne2 19. Nd6+ Bxd6 20. Bxe2 Rxh2+ 21. Kg1 Ke7 0-1

[Event "Gibraltar Masters 13th"]
[Site "Caleta"]
[Date "2015.02.03"]
[Round "8"]
[White "Burrows, Martin P"]
[Black "Lejlic, Samir"]
[Result "0-1"]
[WhiteElo "2136"]
[BlackElo "2354"]
[PlyCount "96"]
[EventDate "2015.01.27"]
[EventType "swiss"]
[EventRounds "10"]
[EventCountry "GGB"]
[SourceTitle "CBM 165"]
[Source "ChessBase"]
[SourceDate "2015.03.11"]
[SourceVersion "1"]
[SourceVersionDate "2015.03.11"]
[SourceQuality "1"]

1. e4 e5 2. Nf3 Nc6 3. Bb5 a6 4. Ba4 d6 5. c3 Bd7 6. d4 Nge7 7. d5 Nb8 8. Bxd7+ Nxd7 9. c4 Nc8 10. Nc3 Be7 11. 0-0 0-0 12. Be3 g6 13. Bh6 Re8 14. Qd2 Ncb6 15. b3 c6 16. dxc6 bxc6 17. Rfd1 Qc7 18. Rac1 Rad8 19. Qe2 a5 20. Ne1 Nc5 21. Nc2 Nbd7 22. Qf3 Ne6 23. Na4 f6 24. Bd2 Rf8 25. Qe3 f5 26. Qe1 Ra8 27. exf5 gxf5 28. f4 Rf6 29. fxe5 Nxe5 30. Bc3 Rg6 31. Qf1 Bg5 32. Bd2 Qa7+ 33. Kh1 Ng4 34. c5 d5 35. h3 Qc7 36. Qg1 Rf8 37. Ne1 Bh4 38. hxg4 Bg3 39. Rc3 f4 40. Qf1 Qg7 41. Nf3 Qh6+ 42. Kg1 Ng5 43. Be1 Nxf3+ 44. Qxf3 Qh2+ 45. Kf1 Re6 46. Bf2 Qh1+ 47. Bg1 Rfe8 48. Rcc1 Re3 0-1

[Event "Gibraltar Masters 12th"]
[Site "Caleta"]
[Date "2014.02.02"]
[Round "6"]
[White "Lejlic, Samir"]
[Black "Gordon, Stephen J"]
[Result "1-0"]
[WhiteElo "2345"]
[BlackElo "2516"]
[PlyCount "61"]
[EventDate "2014.01.28"]
[EventType "swiss"]
[EventRounds "10"]
[EventCountry "GGB"]
[SourceTitle "CBM 159"]
[Source "ChessBase"]
[SourceDate "2014.03.17"]
[SourceVersion "1"]
[SourceVersionDate "2014.03.17"]
[SourceQuality "1"]

1. d4 Nf6 2. Nc3 d5 3. Bg5 h6 4. Bxf6 exf6 5. Qd3 f5 6. 0-0-0 g6 7. Nh3 c6 8. f3 Bg7 9. e4 dxe4 10. fxe4 0-0 11. Nf4 Qa5 12. e5 c5 13. e6 Bxe6 14. Nxe6 fxe6 15. d5 e5 16. g4 e4 17. Qh3 f4 18. g5 h5 19. Bc4 Bxc3 20. bxc3 b5 21. Qe6+ Kh7 22. Qe7+ Kg8 23. Qe6+ Kh7 24. Qe7+ Kg8 25. Qxe4 bxc4 26. Qxg6+ Kh8 27. Qh6+ Kg8 28. Qg6+ Kh8 29. Qh6+ Kg8 30. g6 Qc7 31. g7 1-0

[Event "Gibraltar Masters 12th"]
[Site "Caleta"]
[Date "2014.01.31"]
[Round "4"]
[White "Libiszewski, Fabien"]
[Black "Lejlic, Samir"]
[Result "1-0"]
[WhiteElo "2533"]
[BlackElo "2345"]
[PlyCount "47"]
[EventDate "2014.01.28"]
[EventType "swiss"]
[EventRounds "10"]
[EventCountry "GGB"]
[SourceTitle "CBM 159"]
[Source "ChessBase"]
[SourceDate "2014.03.17"]
[SourceVersion "1"]
[SourceVersionDate "2014.03.17"]
[SourceQuality "1"]

1. d4 Nf6 2. c4 c5 3. d5 e6 4. Nc3 exd5 5. cxd5 d6 6. Nf3 g6 7. Bf4 a6 8. a4 Bg7 9. e3 Nh5 10. Bg5 Qb6 11. Qc2 0-0 12. Nd2 f6 13. Bh4 Nd7 14. Nc4 Qb4 15. Ra3 f5 16. a5 b5 17. axb6 f4 18. Ra4 Bxc3+ 19. bxc3 Qb5 20. Be7 fxe3 21. Nxe3 Qxb6 22. Bxf8 Kxf8 23. Be2 Nf4 24. Rxf4+ 1-0

[Event "Cappelle op 27th"]
[Site "Cappelle la Grande"]
[Date "2011.03.03"]
[Round "7"]
[White "Wlodarczyk, Cyril"]
[Black "Lejlic, Samir"]
[Result "1-0"]
[WhiteElo "2004"]
[BlackElo "2361"]
[PlyCount "67"]
[EventDate "2011.02.26"]
[EventType "swiss"]
[EventRounds "9"]
[EventCountry "FRA"]
[SourceTitle "CBM 141 Extra"]
[Source "ChessBase"]
[SourceDate "2011.05.03"]
[SourceVersion "1"]
[SourceVersionDate "2011.05.03"]
[SourceQuality "1"]

1. e4 Nc6 2. Nf3 d6 3. d4 Nf6 4. Nc3 Bg4 5. Be3 e6 6. h3 Bh5 7. Be2 Be7 8. d5 exd5 9. exd5 Bxf3 10. Bxf3 Ne5 11. Be2 0-0 12. Qd2 Re8 13. 0-0-0 c6 14. Bd4 Qa5 15. f4 Ned7 16. Kb1 Rab8 17. g4 Nb6 18. g5 Nfxd5 19. Nxd5 Qxd5 20. Qc3 Na4 21. Qa3 Qa5 22. Qg3 c5 23. Bf6 Bf8 24. Bh5 c4 25. Rhg1 Rbc8 26. Bxf7+ Kxf7 27. g6+ Kxf6 28. Qh4+ Ke6 29. Qg4+ Ke7 30. Rde1+ Kd8 31. Rxe8+ Kxe8 32. Qxc8+ Ke7 33. Qxb7+ Ke6 34. Qf7# 1-0

[Event "SWE-chT 1011"]
[Site "Sweden"]
[Date "2011.01.15"]
[Round "6"]
[White "Jaderberg, Bjorn"]
[Black "Lejlic, Samir"]
[Result "1/2-1/2"]
[WhiteElo "2095"]
[BlackElo "2361"]
[PlyCount "84"]
[EventDate "2010.10.08"]
[EventType "team-tourn"]
[EventRounds "11"]
[EventCountry "SWE"]
[SourceTitle "EXT 2012"]
[Source "ChessBase"]
[SourceDate "2011.11.24"]
[SourceVersion "1"]
[SourceVersionDate "2011.11.24"]
[SourceQuality "1"]
[WhiteTeam "Farsta"]
[BlackTeam "Stockholm Rockaden"]
[WhiteTeamCountry "SWE"]
[BlackTeamCountry "SWE"]

1. c4 g6 2. g3 Bg7 3. Bg2 Nf6 4. Nf3 0-0 5. 0-0 Nc6 6. Nc3 a6 7. d4 Rb8 8. a4 d6 9. Re1 Bg4 10. h3 Bxf3 11. Bxf3 Nd7 12. e3 Na5 13. b3 c5 14. Rb1 Nc6 15. Ne2 Qc8 16. Bb2 Nb4 17. Bc3 a5 18. Nf4 e6 19. h4 Re8 20. Bxb4 axb4 21. Bg4 Qc7 22. Bh3 Rbd8 23. Qd3 Nf6 24. Rbd1 h6 25. Bg2 g5 26. hxg5 hxg5 27. Nh3 g4 28. Nf4 Bh6 29. Be4 Kg7 30. d5 Qe7 31. Kg2 Rh8 32. Rh1 Bxf4 33. exf4 b6 34. Rde1 Rxh1 35. Rxh1 Re8 36. dxe6 fxe6 37. f5 exf5 38. Bxf5 Qe5 39. Rh4 Rh8 40. Rxh8 Kxh8 41. Bc8 Kg7 42. Bb7 Kf7 1/2-1/2

[Event "Sarajevo Bosna op 40th"]
[Site "Sarajevo"]
[Date "2010.05.05"]
[Round "1"]
[White "Lejlic, Samir"]
[Black "Wang, Hao"]
[Result "0-1"]
[WhiteElo "2362"]
[BlackElo "2722"]
[PlyCount "72"]
[EventDate "2010.05.05"]
[EventType "swiss"]
[EventRounds "9"]
[EventCountry "BIH"]
[SourceTitle "CBM 136 Extra"]
[Source "ChessBase"]
[SourceDate "2010.07.02"]
[SourceVersion "2"]
[SourceVersionDate "2010.07.15"]
[SourceQuality "1"]

1. e4 c5 2. Nf3 d6 3. c3 Nf6 4. Bd3 Nc6 5. Bc2 Bg4 6. h3 Bxf3 7. Qxf3 g6 8. d3 Bg7 9. 0-0 0-0 10. Re1 b5 11. Qd1 Rc8 12. Nd2 Nd7 13. Nf1 b4 14. Bd2 Qa5 15. Ne3 Nb6 16. cxb4 cxb4 17. Qb1 Qe5 18. Bc1 Nd4 19. Bb3 a5 20. Ng4 Qh5 21. Bd1 Qb5 22. Bh6 Bxh6 23. Nxh6+ Kg7 24. Ng4 Rc7 25. b3 Rc3 26. Qb2 h5 27. Ne3 e6 28. Be2 Qe5 29. Qd2 Rfc8 30. Rab1 Qc5 31. Nc4 Rc2 32. Qe3 Rxa2 33. Bd1 Nxc4 34. dxc4 h4 35. Qf4 g5 36. Qc1 Nxb3 0-1

[Event "SWE-chT 0910"]
[Site "Sweden"]
[Date "2010.03.14"]
[Round "11"]
[White "Cicak, Slavko"]
[Black "Lejlic, Samir"]
[Result "1-0"]
[WhiteElo "2576"]
[BlackElo "2367"]
[PlyCount "47"]
[EventDate "2009.10.16"]
[EventType "team"]
[EventRounds "11"]
[EventCountry "SWE"]
[SourceTitle "EXT 2011"]
[Source "ChessBase"]
[SourceDate "2010.11.26"]
[SourceVersion "1"]
[SourceVersionDate "2010.11.26"]
[SourceQuality "1"]
[WhiteTeam "Eksjo"]
[BlackTeam "Wasa"]
[WhiteTeamCountry "SWE"]
[BlackTeamCountry "SWE"]

1. e4 e5 2. Nf3 Nc6 3. Bb5 a6 4. Ba4 d6 5. c4 Nf6 6. d4 Bd7 7. Nc3 Be7 8. Bxc6 Bxc6 9. Qe2 0-0 10. 0-0 exd4 11. Nxd4 Nd7 12. Be3 Bf6 13. f3 Re8 14. Qd2 Ne5 15. b3 Bd7 16. Rac1 c5 17. Nde2 b5 18. cxb5 axb5 19. Qxd6 b4 20. Nd5 Re6 21. Qc7 Bg5 22. Rc2 Rea6 23. Bxc5 Rxa2 24. Rxa2 1-0

[Event "SWE-chT 0910"]
[Site "Sweden"]
[Date "2009.11.14"]
[Round "4"]
[White "Degerman, Lars"]
[Black "Lejlic, Samir"]
[Result "1/2-1/2"]
[WhiteElo "2492"]
[BlackElo "2367"]
[PlyCount "93"]
[EventDate "2009.10.16"]
[EventType "team"]
[EventRounds "11"]
[EventCountry "SWE"]
[SourceTitle "EXT 2011"]
[Source "ChessBase"]
[SourceDate "2010.11.26"]
[SourceVersion "1"]
[SourceVersionDate "2010.11.26"]
[SourceQuality "1"]
[WhiteTeam "Viking"]
[BlackTeam "Wasa"]
[WhiteTeamCountry "SWE"]
[BlackTeamCountry "SWE"]

1. Nf3 g6 2. c4 Bg7 3. Nc3 Nf6 4. e4 0-0 5. d4 d6 6. Be2 e5 7. 0-0 a5 8. Bg5 h6 9. Bh4 Nbd7 10. Re1 c6 11. d5 Nc5 12. Nd2 Qb6 13. Rb1 Bd7 14. h3 Rfc8 15. Bf1 a4 16. b4 axb3 17. axb3 Qb4 18. Na4 cxd5 19. Nxc5 Rxc5 20. Bxf6 Bxf6 21. cxd5 b5 22. Nf3 Ra2 23. Re2 Rxe2 24. Qxe2 Bd8 25. Ne1 Rc3 26. Nc2 Qc5 27. b4 Qc8 28. Rb2 Bb6 29. Qd2 Kg7 30. Ne3 Bxe3 31. fxe3 Rc1 32. Kf2 f5 33. Bd3 fxe4 34. Bxe4 Bf5 35. Bf3 Rc4 36. Be2 Rc7 37. Bxb5 Be4 38. Kg1 Qa8 39. Bc6 Qa1+ 40. Kh2 Rf7 41. Ra2 Qb1 42. Rb2 Qa1 43. Ra2 Qb1 44. Bb5 h5 45. Rb2 Qa1 46. Ra2 Qb1 47. Rb2 1/2-1/2

[Event "Dubai op 11th"]
[Site "Dubai"]
[Date "2009.05.02"]
[Round "6"]
[White "Melnikova, Yana"]
[Black "Lejlic, Samir"]
[Result "1-0"]
[WhiteElo "2264"]
[BlackElo "2388"]
[PlyCount "85"]
[EventDate "2009.04.26"]
[EventType "swiss"]
[EventRounds "9"]
[EventCountry "UAE"]
[SourceTitle "CBM 130 Extra"]
[Source "ChessBase"]
[SourceDate "2009.07.02"]
[SourceVersion "2"]
[SourceVersionDate "2009.07.15"]
[SourceQuality "1"]

1. e4 e5 2. Nf3 Nc6 3. Bb5 a6 4. Ba4 d6 5. 0-0 Bd7 6. c3 Nge7 7. d4 Ng6 8. c4 Be7 9. Nc3 0-0 10. Be3 Bg4 11. Bxc6 bxc6 12. h3 exd4 13. Bxd4 Bxf3 14. Qxf3 c5 15. Be3 Bf6 16. Rac1 Re8 17. Rfe1 Re6 18. b3 Nh4 19. Qh5 Bxc3 20. Rxc3 Rxe4 21. Rcc1 Re5 22. Qg4 h5 23. Qf4 Qe7 24. Bd2 Re8 25. Rxe5 dxe5 26. Qe4 f5 27. Qd5+ Kh8 28. Bc3 Qg5 29. Rd1 e4 30. g3 e3 31. Kh1 exf2 32. gxh4 Qf4 33. Qg2 Re7 34. Rf1 Qxh4 35. Rxf2 f4 36. Rd2 Kh7 37. Rd5 g6 38. Rxc5 Re1+ 39. Bxe1 Qxe1+ 40. Kh2 Qe3 41. Rxc7+ Kh6 42. h4 Qe5 43. Qg5+ 1-0

[Event "Dubai op 11th"]
[Site "Dubai"]
[Date "2009.04.29"]
[Round "4"]
[White "Aleksandrov, Aleksej"]
[Black "Lejlic, Samir"]
[Result "1-0"]
[WhiteElo "2624"]
[BlackElo "2388"]
[PlyCount "77"]
[EventDate "2009.04.26"]
[EventType "swiss"]
[EventRounds "9"]
[EventCountry "UAE"]
[SourceTitle "CBM 130 Extra"]
[Source "ChessBase"]
[SourceDate "2009.07.02"]
[SourceVersion "2"]
[SourceVersionDate "2009.07.15"]
[SourceQuality "1"]

1. d4 c5 2. d5 Nf6 3. c4 e6 4. Nc3 exd5 5. cxd5 d6 6. Nf3 g6 7. Bf4 a6 8. a4 Bg7 9. h3 0-0 10. e3 Qe7 11. Be2 Nbd7 12. 0-0 Rb8 13. Re1 Ne8 14. Bf1 Nc7 15. e4 Ne5 16. Nd2 b5 17. axb5 axb5 18. Ra7 Qd8 19. Bg3 g5 20. Qh5 Bd7 21. Nd1 f5 22. Bxe5 Be8 23. Qe2 Bxe5 24. exf5 Nxd5 25. Nf3 Nf4 26. Qc2 Bf6 27. Ne3 Qb6 28. Rea1 Qc6 29. Ng4 Nxh3+ 30. Kh2 h5 31. Nxf6+ Rxf6 32. Qc3 d5 33. Qe5 Rd8 34. gxh3 d4 35. Nxg5 d3 36. Bxd3 Rxd3 37. Rg1 Bg6 38. Ne4 Kf8 39. Qe7+ 1-0

[Event "Bayern-chI Bank Hofmann 10th"]
[Site "Bad Wiessee"]
[Date "2006.11.12"]
[Round "9"]
[White "Lejlic, Samir"]
[Black "Kick, Joachim"]
[Result "1-0"]
[WhiteElo "2401"]
[BlackElo "2190"]
[PlyCount "49"]
[EventDate "2006.11.04"]
[EventType "swiss"]
[EventRounds "9"]
[EventCountry "GER"]
[SourceTitle "EXT 2007"]
[Source "ChessBase"]
[SourceDate "2006.11.23"]
[SourceVersion "1"]
[SourceVersionDate "2006.11.23"]
[SourceQuality "1"]

1. e4 c5 2. Nf3 e6 3. d4 cxd4 4. Nxd4 Nf6 5. Nc3 d6 6. g4 h6 7. Rg1 Nc6 8. Rg3 a6 9. Bg2 Bd7 10. Be3 g5 11. Qe2 Ne5 12. 0-0-0 b5 13. f4 gxf4 14. Bxf4 Rg8 15. h3 Rc8 16. Kb1 b4 17. Nd5 exd5 18. exd5 Bg7 19. Qxa6 Qc7 20. c3 Qc5 21. cxb4 Qxb4 22. Rb3 Qc5 23. Rc3 Qb4 24. Rxc8+ Bxc8 25. Qxc8+ 1-0

[Event "Bayern-chI Bank Hofmann 10th"]
[Site "Bad Wiessee"]
[Date "2006.11.11"]
[Round "8"]
[White "Zill, Christoph"]
[Black "Lejlic, Samir"]
[Result "1-0"]
[WhiteElo "2270"]
[BlackElo "2401"]
[PlyCount "111"]
[EventDate "2006.11.04"]
[EventType "swiss"]
[EventRounds "9"]
[EventCountry "GER"]
[SourceTitle "EXT 2007"]
[Source "ChessBase"]
[SourceDate "2006.11.23"]
[SourceVersion "1"]
[SourceVersionDate "2006.11.23"]
[SourceQuality "1"]

1. e4 e5 2. f4 Bc5 3. Nc3 d6 4. Nf3 Nf6 5. Bc4 c6 6. fxe5 dxe5 7. d3 b5 8. Bb3 Nbd7 9. Qe2 0-0 10. Nd1 a5 11. a3 Ba6 12. Bg5 Qb6 13. a4 bxa4 14. Bxa4 Rfe8 15. Nd2 h6 16. Be3 Bxe3 17. Qxe3 Nc5 18. Nb3 Nfd7 19. 0-0 Bb5 20. Nxc5 Qxc5 21. Qxc5 Nxc5 22. Nc3 Reb8 23. b3 Ne6 24. Ne2 Nc5 25. Nc3 Ne6 26. Ne2 Rd8 27. Ra2 Nc5 28. Nc3 Bxa4 29. Nxa4 Na6 30. Nb6 Nb4 31. Rb2 Ra6 32. Nc4 f6 33. Ra1 Rda8 34. Kf2 c5 35. Ra4 Kf7 36. Ke2 Ke6 37. Kd2 g6 38. Rb1 f5 39. exf5+ gxf5 40. Re1 Nc6 41. g4 Rf8 42. gxf5+ Rxf5 43. Re2 Ra7 44. Ne3 Rg5 45. Rf2 Nd4 46. Ra1 h5 47. Raf1 Rg6 48. Rf8 a4 49. bxa4 Rxa4 50. Rb8 Nc6 51. Rb6 Kd6 52. Rf7 e4 53. Nc4+ Rxc4 54. dxc4 Ke5 55. Ke3 Rg2 56. Rxc6 1-0

[Event "Bayern-chI Bank Hofmann 10th"]
[Site "Bad Wiessee"]
[Date "2006.11.10"]
[Round "7"]
[White "Lejlic, Samir"]
[Black "Schulz, Juergen2222"]
[Result "1-0"]
[WhiteElo "2401"]
[BlackElo "2202"]
[PlyCount "49"]
[EventDate "2006.11.04"]
[EventType "swiss"]
[EventRounds "9"]
[EventCountry "GER"]
[SourceTitle "EXT 2007"]
[Source "ChessBase"]
[SourceDate "2006.11.23"]
[SourceVersion "1"]
[SourceVersionDate "2006.11.23"]
[SourceQuality "1"]

1. e4 c5 2. Nf3 Nc6 3. Bb5 Nf6 4. Nc3 a6 5. Bxc6 dxc6 6. d3 Bg4 7. h3 Bxf3 8. Qxf3 e5 9. 0-0 Be7 10. a4 a5 11. Nd1 Nd7 12. Ne3 g6 13. Nc4 b5 14. Na3 Rb8 15. Bh6 b4 16. Nc4 Qc7 17. Qg3 Bf8 18. Bxf8 Kxf8 19. f4 Re8 20. fxe5 Nxe5 21. Rf6 Kg7 22. Raf1 Rhf8 23. Nd6 Re7 24. R1f5 Nd7 25. Rxf7+ 1-0

[Event "Bayern-chI Bank Hofmann 10th"]
[Site "Bad Wiessee"]
[Date "2006.11.09"]
[Round "6"]
[White "Roemhild, Marcus"]
[Black "Lejlic, Samir"]
[Result "0-1"]
[WhiteElo "2150"]
[BlackElo "2401"]
[PlyCount "44"]
[EventDate "2006.11.04"]
[EventType "swiss"]
[EventRounds "9"]
[EventCountry "GER"]
[SourceTitle "EXT 2007"]
[Source "ChessBase"]
[SourceDate "2006.11.23"]
[SourceVersion "1"]
[SourceVersionDate "2006.11.23"]
[SourceQuality "1"]

1. e4 e5 2. Nf3 Nc6 3. d4 exd4 4. Bc4 Nf6 5. e5 Ne4 6. Qe2 Nc5 7. c3 Ne6 8. 0-0 d5 9. exd6 Bxd6 10. cxd4 0-0 11. d5 Ned4 12. Nxd4 Nxd4 13. Qe4 c5 14. Na3 Re8 15. Qd3 Qh4 16. f4 a6 17. Qg3 Qxg3 18. hxg3 b5 19. Bb3 Bb7 20. Bd1 Bxd5 21. Bd2 c4 22. Nc2 Nxc2 0-1

[Event "Bayern-chI Bank Hofmann 10th"]
[Site "Bad Wiessee"]
[Date "2006.11.04"]
[Round "1"]
[White "Lejlic, Samir"]
[Black "Willin, Bernhard"]
[Result "1-0"]
[WhiteElo "2401"]
[BlackElo "2009"]
[PlyCount "74"]
[EventDate "2006.11.04"]
[EventType "swiss"]
[EventRounds "9"]
[EventCountry "GER"]
[SourceTitle "EXT 2007"]
[Source "ChessBase"]
[SourceDate "2006.11.23"]
[SourceVersion "1"]
[SourceVersionDate "2006.11.23"]
[SourceQuality "1"]

1. e4 c5 2. Nf3 d6 3. Bb5+ Bd7 4. Bxd7+ Qxd7 5. 0-0 Nc6 6. c3 Nf6 7. Re1 e5 8. d4 Be7 9. d5 Nd8 10. a4 0-0 11. Nfd2 Ne8 12. b4 cxb4 13. cxb4 Bg5 14. Qe2 Rc8 15. Nc4 Bxc1 16. Rxc1 f5 17. Nc3 f4 18. Nb5 a6 19. Na7 Rc7 20. Nb6 Qf7 21. f3 g5 22. b5 axb5 23. Nxb5 Rxc1+ 24. Rxc1 Qg7 25. Rc8 Qe7 26. Qc2 h5 27. Kf1 g4 28. Ke2 Nf7 29. Nc7 Ng7 30. Rxf8+ Kxf8 31. Nb5 Ne8 32. Qc8 gxf3+ 33. gxf3 Qh4 34. Nd7+ Ke7 35. Qxb7 Qxh2+ 36. Kd3 Kd8 37. Nb8 Qh3 1-0

[Event "SWE-chT 0001"]
[Site "Sweden"]
[Date "2001.03.18"]
[Round "11"]
[White "Lejlic, Samir"]
[Black "Dedorson, Tomas"]
[Result "1-0"]
[WhiteElo "2406"]
[BlackElo "2177"]
[PlyCount "64"]
[EventDate "2000.10.13"]
[EventType "team"]
[EventRounds "11"]
[EventCountry "SWE"]
[SourceTitle "EXT 2006"]
[Source "ChessBase"]
[SourceDate "2005.11.24"]
[SourceVersion "1"]
[SourceVersionDate "2005.11.24"]
[SourceQuality "1"]
[WhiteTeam "Kirsebergs"]
[BlackTeam "Lulea "]
[WhiteTeamCountry "SWE"]
[BlackTeamCountry "SWE"]

1. e4 e6 2. d4 d5 3. Nc3 dxe4 4. Nxe4 Nd7 5. Nf3 Ngf6 6. Bg5 Be7 7. Nxf6+ Nxf6 8. Bd3 c5 9. Qe2 0-0 10. 0-0-0 cxd4 11. h4 Qa5 12. Kb1 Bd7 13. Bxf6 Bxf6 14. Ng5 g6 15. f4 e5 16. f5 Bc6 17. Be4 Rac8 18. g4 Be7 19. Qf3 Bxe4 20. Nxe4 Rc6 21. Rd3 Rfc8 22. Rf1 f6 23. fxg6 hxg6 24. h5 Rxc2 25. Nxf6+ Bxf6 26. Qxf6 Qc7 27. Qxg6+ Kh8 28. Qh6+ Kg8 29. Qg6+ Kh8 30. Qh6+ Kg8 31. Qe6+ Kh8 32. Rdf3 Qg7 1-0

[Event "SWE-chT 0001"]
[Site "Sweden"]
[Date "2001.03.17"]
[Round "10"]
[White "Jaderberg, Bjorn"]
[Black "Lejlic, Samir"]
[Result "1/2-1/2"]
[WhiteElo "2307"]
[BlackElo "2406"]
[PlyCount "108"]
[EventDate "2000.10.13"]
[EventType "team"]
[EventRounds "11"]
[EventCountry "SWE"]
[SourceTitle "EXT 2006"]
[Source "ChessBase"]
[SourceDate "2005.11.24"]
[SourceVersion "1"]
[SourceVersionDate "2005.11.24"]
[SourceQuality "1"]
[WhiteTeam "Farsta"]
[BlackTeam "Kirsebergs"]
[WhiteTeamCountry "SWE"]
[BlackTeamCountry "SWE"]

1. d4 g6 2. Nf3 Bg7 3. g3 Nf6 4. Bg2 0-0 5. 0-0 a6 6. c4 Nc6 7. Nc3 Rb8 8. d5 Na5 9. Qd3 c5 10. e4 d6 11. a4 Nb3 12. Ra3 Nxc1 13. Rxc1 Qa5 14. Nd2 e6 15. h3 Re8 16. Rd1 Qc7 17. dxe6 Bxe6 18. Nf1 Nd7 19. Qxd6 Qxd6 20. Rxd6 Ne5 21. b3 Bxc4 22. f4 Bxf1 23. Kxf1 Nc6 24. Nd5 Nd4 25. e5 Nf5 26. Rd7 Nxg3+ 27. Kf2 Nf5 28. Ra1 Red8 29. Rxd8+ Rxd8 30. Rc1 Bf8 31. Nf6+ Kg7 32. Bxb7 Rd4 33. Be4 Be7 34. Kf3 Nh4+ 35. Ke3 Rb4 36. Nd5 Rxb3+ 37. Rc3 Rxc3+ 38. Nxc3 Nf5+ 39. Bxf5 gxf5 40. Kd3 Kg6 41. Nd5 Bd8 42. Kc4 Kh5 43. Kxc5 Kh4 44. Kd6 Kxh3 45. Kd7 Kg3 46. Kxd8 h5 47. Ke7 h4 48. Kxf7 h3 49. Ne3 Kf2 50. Nd1+ Kg3 51. e6 h2 52. e7 h1Q 53. e8Q Qh5+ 54. Ke7 Qe2+ 1/2-1/2

[Event "SWE-chT 0001"]
[Site "Sweden"]
[Date "2001.03.03"]
[Round "8"]
[White "Lejlic, Samir"]
[Black "Djurhuus, Rune"]
[Result "0-1"]
[WhiteElo "2406"]
[BlackElo "2509"]
[PlyCount "58"]
[EventDate "2000.10.13"]
[EventType "team"]
[EventRounds "11"]
[EventCountry "SWE"]
[SourceTitle "EXT 2006"]
[Source "ChessBase"]
[SourceDate "2005.11.24"]
[SourceVersion "1"]
[SourceVersionDate "2005.11.24"]
[SourceQuality "1"]
[WhiteTeam "Kirsebergs"]
[BlackTeam "Skara"]
[WhiteTeamCountry "SWE"]
[BlackTeamCountry "SWE"]

1. e4 e6 2. d4 d5 3. Nc3 Bb4 4. Bd3 Ne7 5. a3 Bxc3+ 6. bxc3 b6 7. h4 Ba6 8. h5 c5 9. e5 Qc7 10. Bd2 Bxd3 11. cxd3 cxd4 12. cxd4 Nbc6 13. Qg4 Nf5 14. Ne2 h6 15. Qf4 b5 16. g4 Nfe7 17. Rc1 Qb6 18. 0-0 a5 19. Qe3 b4 20. a4 g6 21. hxg6 fxg6 22. Rc5 Rc8 23. Bc1 Kd7 24. Bb2 h5 25. f3 Qd8 26. Qg5 Qg8 27. Kg2 hxg4 28. fxg4 Qh7 29. Kf2 Rcf8+ 0-1

[Event "SWE-chT 0001"]
[Site "Sweden"]
[Date "2000.10.13"]
[Round "1"]
[White "Kretz, Johan"]
[Black "Lejlic, Samir"]
[Result "1/2-1/2"]
[WhiteElo "2258"]
[BlackElo "2401"]
[PlyCount "84"]
[EventDate "2000.10.13"]
[EventType "team"]
[EventRounds "11"]
[EventCountry "SWE"]
[SourceTitle "EXT 2006"]
[Source "ChessBase"]
[SourceDate "2005.11.24"]
[SourceVersion "1"]
[SourceVersionDate "2005.11.24"]
[SourceQuality "1"]
[WhiteTeam "Vaesteras "]
[BlackTeam "Kirsebergs"]
[WhiteTeamCountry "SWE"]
[BlackTeamCountry "SWE"]

1. d4 Nf6 2. Nf3 g6 3. c4 Bg7 4. Nc3 0-0 5. e4 d6 6. Be2 e5 7. 0-0 a5 8. Be3 Ng4 9. Bg5 f6 10. Bc1 c6 11. h3 Nh6 12. dxe5 dxe5 13. c5 Be6 14. Na4 Nd7 15. Qc2 Qe7 16. Bxh6 Bxh6 17. Rfd1 Kh8 18. Nd2 f5 19. Qc3 fxe4 20. Nxe4 Bd5 21. Qc2 Bxe4 22. Qxe4 Nxc5 23. Nxc5 Qxc5 24. Bf3 Rf4 25. Qe1 Rd4 26. Qe2 Rad8 27. Rxd4 exd4 28. Be4 Re8 29. Qd3 Qe5 30. Re1 Bf8 31. Re2 Qc5 32. g3 Bg7 33. Kg2 Bf6 34. h4 Kg7 35. h5 gxh5 36. Bxh7 Qd5+ 37. Be4 Qd6 38. Qf3 Re7 39. Bd3 Rxe2 40. Qxe2 Qd5+ 41. Be4 Qe5 42. b3 Kf8 1/2-1/2

[Event "SWE-ch"]
[Site "Ronneby"]
[Date "1998.??.??"]
[Round "4"]
[White "Astrom, Robert"]
[Black "Lejlic, Samir"]
[Result "1/2-1/2"]
[WhiteElo "2460"]
[BlackElo "2415"]
[PlyCount "45"]
[EventDate "1998.07.??"]
[EventType "tourn"]
[EventRounds "13"]
[EventCountry "SWE"]
[EventCategory "7"]
[SourceTitle "EXT 1999"]
[Source "ChessBase"]
[SourceDate "1998.11.16"]
[SourceVersion "1"]
[SourceVersionDate "1998.11.16"]
[SourceQuality "1"]

1. d4 Nf6 2. c4 g6 3. Nc3 Bg7 4. e4 d6 5. Nf3 0-0 6. Be2 e5 7. 0-0 a5 8. Be3 Na6 9. dxe5 dxe5 10. a3 Qxd1 11. Rfxd1 Bg4 12. b4 axb4 13. axb4 c6 14. h3 Bxf3 15. Bxf3 Nc7 16. Bc5 Rxa1 17. Rxa1 Ra8 18. Rxa8+ Nxa8 19. Bd6 Bf8 20. Bxe5 Nd7 21. Bd4 Bxb4 22. Na4 Nc7 23. Bg4 1/2-1/2

[Event "SWE-ch"]
[Site "Ronneby"]
[Date "1998.??.??"]
[Round "6"]
[White "Berg, Emanuel"]
[Black "Lejlic, Samir"]
[Result "1/2-1/2"]
[WhiteElo "2390"]
[BlackElo "2415"]
[PlyCount "35"]
[EventDate "1998.07.??"]
[EventType "tourn"]
[EventRounds "13"]
[EventCountry "SWE"]
[EventCategory "7"]
[SourceTitle "EXT 1999"]
[Source "ChessBase"]
[SourceDate "1998.11.16"]
[SourceVersion "1"]
[SourceVersionDate "1998.11.16"]
[SourceQuality "1"]

1. e4 e5 2. Nf3 Nc6 3. d4 exd4 4. Nxd4 Nf6 5. Nc3 Bb4 6. Nxc6 bxc6 7. Bd3 d5 8. exd5 cxd5 9. 0-0 0-0 10. Bg5 c6 11. Qf3 Bd6 12. Rae1 Rb8 13. Nd1 h6 14. Bxf6 Qxf6 15. Qxf6 gxf6 16. b3 Be6 17. Ne3 Bb4 18. Re2 1/2-1/2